[Event "Let's Play Chess!"]
[Site "http://www.queenalice.com/game.php?id=964783"]
[Date "2011.7.26"]
[Round "-"]
[White "RMadrigal"]
[Black "Killersugus"]
[Result "0-1"]
[WhiteElo "1888"]
[BlackElo "2178"]

1. e4 e6 2. e5 d5 3. d4 c5 4. Nf3 Bd7 5. c3 Qb6 6. Nbd2 cxd4 7. Nxd4 Ne7 8. Bd3
Nbc6 9. Qc2 Nxe5 10. Bxh7 g6 11. f4 N5c6 12. Bg8 Rxg8 13. Qb3 Qxb3 14. N2xb3
Nxd4 15. Nxd4 Nf5 16. Nxf5 gxf5 17. g3 Bc6 18. Kd2 d4 19. Rd1 O-O-O 20. Ke2 Bc5
21. b4 Bb5+ 22. Ke1 Be7 23. Rxd4 Rxd4 24. cxd4 Bxb4+ 25. Bd2 Bxd2+ 26. Kxd2 Rh8
27. h4 Bc6 28. Ke3 Kd7 29. Rc1 a5 30. Rc3 a4 31. a3 Ke7 32. Rc1 Kf6 33. Kf2 Rd8
34. Rc4 Rd5 35. Rb4 Rb5 36. Rxb5 Bxb5 37. Ke1 Bc4 38. Kd2 b5 39. Kd1 Kg6 40. Kc2
Kh5 41. Kc1 Kg4 42. Kc2 f6 43. Kd2 Bd5 44. Ke3 Bf3 45. h5 Kxh5 46. Kxf3 b4 47.
d5 exd5 48. axb4 a3 0-1

[Event "Let's Play Chess!"]
[Site "http://www.queenalice.com/game.php?id=968008"]
[Date "2011.8.2"]
[Round "-"]
[White "RMadrigal"]
[Black "vitte10"]
[Result "0-1"]
[WhiteElo "1923"]
[BlackElo "1864"]

1. e4 c5 2. Nc3 Nc6 3. Bb5 Nd4 4. Nf3 Nxb5 5. Nxb5 d5 6. d4 e6 7. exd5 exd5 8.
Ng5 a6 9. Qe2+ Be7 10. Nc3 cxd4 11. Na4 Qa5+ 0-1

[Event "Let's Play Chess!"]
[Site "http://www.queenalice.com/game.php?id=968009"]
[Date "2011.8.2"]
[Round "-"]
[White "vitte10"]
[Black "RMadrigal"]
[Result "1-0"]
[WhiteElo "1882"]
[BlackElo "1905"]

1. d4 d5 2. c4 Be6 3. g3 Qc8 4. Bg2 c6 5. cxd5 cxd5 6. e4 Nf6 7. Nc3 Bg4 8. Qa4+
Qc6 9. exd5 Qxa4 10. Nxa4 Na6 11. Nh3 Nc7 12. Nf4 Nfxd5 13. Nxd5 Nxd5 14. Bxd5
1-0

[Event "Let's Play Chess!"]
[Site "http://www.queenalice.com/game.php?id=971819"]
[Date "2011.8.14"]
[Round "-"]
[White "gustavline"]
[Black "RMadrigal"]
[Result "1-0"]
[WhiteElo "1933"]
[BlackElo "1939"]

1. e4 d5 2. exd5 Qxd5 3. Nc3 Qe6+ 4. Be2 f5 5. Nf3 Nc6 6. O-O g6 7. Re1 Nf6 8.
d3 Ne5 9. Bf4 Nxf3+ 10. Bxf3 c6 11. Rxe6 1-0

[Event "Challenge"]
[Site "http://www.queenalice.com/game.php?id=976501"]
[Date "2011.8.25"]
[Round "-"]
[White "RMadrigal"]
[Black "ensito"]
[Result "1-0"]
[WhiteElo "1884"]
[BlackElo "1810"]

1. e4 e5 2. Nf3 d6 3. d4 Bg4 4. dxe5 Bxf3 5. Qxf3 dxe5 6. Qh5 Bd6 7. Qf3 Nf6 8.
Bg5 Nbd7 9. Nc3 Bb4 10. O-O-O Bxc3 11. Qxc3 h6 12. Bxf6 gxf6 13. f3 c6 14. Rd6
Qe7 15. Rd1 Nc5 16. Bc4 b5 17. Bf1 a5 18. g3 b4 19. Qe3 a4 20. a3 bxa3 21. Qxa3
O-O 22. Bc4 Qb7 23. Qxc5 Rfb8 24. Qa3 Qb4 25. Rd8+ Kg7 26. Qxb4 Rxb4 27. Rxa8
Rxc4 28. Rf1 h5 29. h4 c5 30. g4 hxg4 31. Rg1 1-0

[Event "Let's Play Chess!"]
[Site "http://www.queenalice.com/game.php?id=981925"]
[Date "2011.9.8"]
[Round "-"]
[White "RMadrigal"]
[Black "positionalgenius"]
[Result "1-0"]
[WhiteElo "1916"]
[BlackElo "1960"]

1. e4 c5 2. Nc3 g6 3. Nf3 Bg7 4. Bb5 a6 5. Bc4 e6 6. a3 Ne7 7. O-O O-O 8. d4
cxd4 9. Nxd4 Nbc6 10. Nxc6 bxc6 11. Qd6 Bb7 12. Rd1 Bc8 13. Na4 Ra7 14. Be3 Ra8
15. Bc5 Re8 16. Bb6 Nf5 17. exf5 Qf6 18. fxe6 Re7 19. Bd8 Bf8 20. Nb6 dxe6 21.
Nxa8 Rb7 22. Qxf8+ Kxf8 23. Bxf6 Bd7 24. Bxa6 Ra7 25. Nb6 Be8 26. Bc4 Rb7 27.
Bd8 1-0

[Event "Let's Play Chess!"]
[Site "http://www.queenalice.com/game.php?id=981926"]
[Date "2011.9.8"]
[Round "-"]
[White "positionalgenius"]
[Black "RMadrigal"]
[Result "0-1"]
[WhiteElo "1970"]
[BlackElo "1897"]

1. e4 Nc6 2. d4 d5 3. Bb5 dxe4 4. d5 a6 5. dxc6 Qxd1+ 6. Kxd1 axb5 7. cxb7 Bxb7
8. Ne2 Nf6 9. c3 Ng4 10. Be3 e5 11. h3 Nxe3+ 12. fxe3 Bc5 13. Re1 Bxe3 14. Kc2
Bc5 15. Nd2 e3 16. Nf3 Be4+ 17. Kb3 f6 18. Rad1 O-O 19. Ng3 Bg6 20. Nf1 Bf7+ 21.
Kc2 Rxa2 22. Nxe3 Ba3 23. Rb1 Be6 24. Red1 Bc5 0-1

[Event "Sin comentarios"]
[Site "http://www.queenalice.com/game.php?id=985441"]
[Date "2011.9.15"]
[Round "-"]
[White "gorums_capablanca"]
[Black "RMadrigal"]
[Result "0-1"]
[WhiteElo "1394"]
[BlackElo "1934"]

1. e4 e5 2. Nf3 Nc6 3. Bc4 Nf6 4. Nc3 Bb4 5. d3 Bxc3+ 6. bxc3 Na5 7. Nxe5 d6 8.
Nxf7 Qe7 9. Nxh8 Nxc4 10. dxc4 Qf8 11. O-O Qxh8 12. Bg5 Be6 13. c5 O-O-O 14.
cxd6 Rxd6 15. Qf3 Ng4 16. Rfd1 g6 17. Rxd6 cxd6 18. Qf4 Qxc3 19. Rc1 Qc5 20.
Qf8+ Kc7 21. Bh4 Kb6 0-1

[Event "Challenge"]
[Site "http://www.queenalice.com/game.php?id=991940"]
[Date "2011.10.1"]
[Round "-"]
[White "albemo"]
[Black "RMadrigal"]
[Result "0-1"]
[WhiteElo "1883"]
[BlackElo "1917"]

1. Nf3 d5 2. d4 Bg4 3. Nbd2 Nc6 4. e3 Bxf3 5. Nxf3 e6 6. c4 dxc4 7. Bxc4 Nf6 8.
O-O Bd6 9. Re1 O-O 10. a3 Na5 11. Bd3 c5 12. dxc5 Bc7 13. Qc2 Nc6 14. b4 Ne5 15.
Nxe5 Bxe5 16. Rb1 Qd5 17. Bb2 Bxb2 18. Rxb2 Rad8 19. Rd1 Qh5 20. f3 Nd5 21. Qe2
Nc3 22. Qe1 Nxd1 23. Qxd1 Qe5 24. Rd2 Qxe3+ 25. Kf1 g6 0-1

[Event "Challenge"]
[Site "http://www.queenalice.com/game.php?id=999995"]
[Date "2011.10.21"]
[Round "-"]
[White "RMadrigal"]
[Black "jorm"]
[Result "0-1"]
[WhiteElo "1936"]
[BlackElo "1858"]

1. e4 e5 2. Nf3 Nc6 3. c3 a6 4. Bc4 h6 5. d4 exd4 6. cxd4 d6 7. d5 Nce7 8. b3 b5
9. Be2 Ng6 10. O-O Nf6 11. Nbd2 Be7 12. Bb2 O-O 13. e5 Nxd5 14. exd6 Bxd6 15.
Nd4 Qe8 16. Nf5 Bxf5 0-1

[Event "Challenge"]
[Site "http://www.queenalice.com/game.php?id=1018506"]
[Date "2012.1.29"]
[Round "-"]
[White "ensito"]
[Black "RMadrigal"]
[Result "1-0"]
[WhiteElo "1798"]
[BlackElo "1934"]

1. d4 d5 2. e3 e6 3. Bd3 Nf6 4. Ne2 Nc6 5. Bd2 Bd6 6. g3 O-O 7. c3 e5 8. f4 exf4
9. gxf4 Bg4 10. Qc2 g6 11. f5 Ne7 12. fxg6 fxg6 13. c4 c6 14. c5 Bc7 15. Nbc3
Nh5 16. O-O-O Bf3 17. Rhg1 Bxh2 18. Rgf1 b6 19. e4 Ng3 20. Rf2 Bxe2 21. Rxf8+
Qxf8 22. Nxe2 Nxe2+ 23. Bxe2 Qf2 24. Qd3 bxc5 25. Be3 Bf4 26. Bxf4 Qxf4+ 27. Kc2
dxe4 28. Qc4+ Nd5 29. dxc5 Rb8 30. a3 h5 31. Rf1 Qe5 32. Rb1 h4 33. Qa2 Kg7 34.
Re1 Rh8 35. Bc4 h3 36. Qb1 Rh4 37. Qc1 Nf6 38. Kb1 Qh5 39. Rh1 g5 40. b4 g4 41.
Qf4 Qf5 42. Qxf5 1-0

[Event "Challenge"]
[Site "http://www.queenalice.com/game.php?id=1051640"]
[Date "2012.4.22"]
[Round "-"]
[White "ensito"]
[Black "RMadrigal"]
[Result "0-1"]
[WhiteElo "1800"]
[BlackElo "1892"]

1. d4 d5 2. e3 e6 3. Be2 Nf6 4. Nf3 Nc6 5. Bb5 Bd7 6. Bxc6 Bxc6 7. O-O Qd6 8.
Ne5 Bb5 9. Re1 Qa6 10. Nc3 Bd6 11. Nxb5 Qxb5 12. Ng4 Ne4 13. c3 h5 14. Ne5 Bxe5
15. dxe5 O-O-O 16. a4 Qc4 17. Bd2 Qd3 18. Re2 g5 19. f3 Nc5 20. b4 Nd7 21. f4
Nb6 22. a5 Nc4 23. Ra2 Kb8 24. a6 b6 25. fxg5 Rhg8 26. h4 Nxe5 27. Rf2 Rd6 28.
Rf1 Rg7 29. Qxh5 Rd8 30. Qd1 Qc4 31. Ra1 Qxh4 32. Be1 Qxg5 33. Ra2 Qxe3+ 34. Bf2
Qxc3 35. Bd4 Qg3 36. Bxe5 Qxe5 37. Qa4 Rh8 38. Qc6 Kc8 39. Qa8+ Kd7 40. Qxh8 f5
41. b5 Rxg2+ 42. Rxg2 Qxh8 43. Rf3 Qd4+ 44. Kh2 Qb4 0-1

[Event "Challenge"]
[Site "http://www.queenalice.com/game.php?id=1070416"]
[Date "2012.6.10"]
[Round "-"]
[White "dedey_r3"]
[Black "RMadrigal"]
[Result "0-1"]
[WhiteElo "1747"]
[BlackElo "1904"]

1. e4 e5 2. Nf3 Nf6 3. Bc4 Nc6 4. O-O Nxe4 5. d3 Nd6 6. Qe1 f6 7. Nc3 Nxc4 8.
dxc4 Bc5 9. Be3 Bxe3 10. Qxe3 d6 11. Rad1 Bf5 12. Ne4 Bxe4 13. Qxe4 Qd7 14. c5
O-O-O 15. cxd6 cxd6 16. c4 b6 17. a3 f5 18. Qc2 Kb7 19. b4 e4 20. c5 exf3 21.
gxf3 bxc5 22. bxc5 d5 23. Qb3+ Ka8 24. Rxd5 Qxd5 25. Rd1 Qxb3 0-1

[Event "Msj"]
[Site "http://www.queenalice.com/game.php?id=1085852"]
[Date "2012.7.23"]
[Round "-"]
[White "RMadrigal"]
[Black "MsJARDEAN"]
[Result "1-0"]
[WhiteElo "1914"]
[BlackElo "1675"]

1. e4 e5 2. Nf3 Nf6 3. d3 Nc6 4. Bg5 h6 5. Bxf6 gxf6 6. Nc3 Bb4 7. Qd2 d6 8. a3
Bxc3 9. Qxc3 f5 10. O-O-O fxe4 11. dxe4 Bg4 12. h3 Bxf3 13. Qxf3 Nd4 14. Qh5
Qg5+ 15. Qxg5 hxg5 16. c3 Ne6 17. Bc4 O-O-O 18. Bxe6+ fxe6 19. Kc2 d5 20. g3 c6
21. Rde1 Rhf8 22. Rh2 d4 23. h4 g4 24. Kd3 Rf3+ 25. Kc4 b6 26. h5 c5 27. h6 dxc3
28. h7 Rh8 29. b4 Rf7 30. Kxc3 Rhxh7 31. Rxh7 Rxh7 32. Rd1 cxb4+ 33. Kxb4 Rd7
34. Rxd7 Kxd7 35. Kb5 Kc7 36. Ka6 Kc6 37. Kxa7 Kc5 38. Ka6 b5 39. Ka5 Kd4 40.
Kxb5 Kxe4 41. a4 Kf3 42. a5 e4 43. a6 Kxf2 44. a7 e3 45. a8=Q e2 46. Qa2 Kf1 47.
Qxe6 e1=Q 48. Qxg4 Qe2+ 49. Qc4 Qxc4+ 50. Kxc4 Kg2 51. g4 Kg3 52. g5 Kf4 53. g6
Kf5 54. g7 1-0

[Event "Let's Play Chess!"]
[Site "http://www.queenalice.com/game.php?id=1126197"]
[Date "2012.11.27"]
[Round "-"]
[White "igorjava"]
[Black "RMadrigal"]
[Result "1-0"]
[WhiteElo "1854"]
[BlackElo "1870"]

1. e4 d5 2. exd5 Qxd5 3. Nc3 Qd8 4. Nf3 Nf6 5. d4 e6 6. Bc4 Bb4 7. Bg5 h6 8. Bh4
Bxc3+ 9. bxc3 Nc6 10. Bb5 Bd7 11. O-O a6 12. Bc4 g5 13. Bg3 Ne4 14. Qd3 Nxg3 15.
fxg3 Qe7 16. Rab1 Bc8 17. d5 exd5 18. Bxd5 Bd7 19. Rbe1 Be6 20. Bxc6+ bxc6 21.
Ne5 Qc5+ 22. Kh1 Rd8 23. Qf3 Rf8 24. Nxc6 Rd2 25. Nd4 Rxd4 26. cxd4 Qc4 27. d5
Qc5 28. dxe6 1-0

[Event "Challenge"]
[Site "http://www.queenalice.com/game.php?id=1126390"]
[Date "2012.11.27"]
[Round "-"]
[White "RMadrigal"]
[Black "ensito"]
[Result "0-1"]
[WhiteElo "1890"]
[BlackElo "1796"]

1. e4 e5 2. Nf3 d6 3. Nc3 c6 4. d4 exd4 5. Nxd4 g6 6. Bd3 Bg7 7. Be3 Ne7 8. f4
c5 9. Bb5+ Bd7 10. Qg4 Bxd4 11. Qe2 Bxc3+ 12. bxc3 Bxb5 13. Qxb5+ Qd7 14. Qxd7+
Nxd7 15. O-O O-O 16. Rad1 Nc8 17. f5 f6 18. Bh6 Re8 19. c4 g5 20. Rde1 Ne5 21.
Rb1 b6 0-1

[Event "Challenge"]
[Site "http://www.queenalice.com/game.php?id=1130404"]
[Date "2012.12.11"]
[Round "-"]
[White "MsJARDEAN"]
[Black "RMadrigal"]
[Result "0-1"]
[WhiteElo "1671"]
[BlackElo "1853"]

1. e4 e5 2. Nf3 d6 3. d4 Nc6 4. Bb5 Bd7 5. Bxc6 Bxc6 6. Nc3 exd4 7. Nxd4 Ne7 8.
O-O g6 9. Be3 f5 10. exf5 Nxf5 11. Re1 Ne7 12. Nxc6 Nxc6 13. Bd4+ Ne5 14. f4 c5
15. Bxe5 dxe5 16. Qxd8+ Rxd8 17. Rxe5+ Be7 18. Rd1 Kf7 19. Rde1 Rhe8 0-1